000
00272nam a22001097a 4500
082
_a
629.1301 STE'F
100
_a
STEVER, H GUYFORD,HAGGERTY, JAMES J
_9
76874
245
_a
FLIGHT LIFE SCIENCE LIBRARY
260
_a
NEWYORK
_b
TIME LIFE
_c
1973
300
_a
200P
942
_c
BK
999
_c
582184
_d
582184